| Tag |
First Indicator |
Second Indicator |
Subfields |
| LEADER |
00000cam a2200000 a 4500 |
| 001 |
in00003424713 |
| 005 |
20190407112856.0 |
| 006 |
m o d |
| 007 |
cr bn ---uuuuu |
| 008 |
090608s1925 enkao o 000 0 eng d |
| 035 |
|
|
|a AC001717
|
| 040 |
|
|
|a UkMbAM-D
|c UkMbAM-D
|d UtOrBLW
|
| 043 |
|
|
|a e-uk-en
|
| 100 |
1 |
|
|a Stead, Estelle W.
|q (Estelle Wilson)
|
| 245 |
1 |
0 |
|a Faces of the living dead :
|b Remembrance Day messages and photographs /
|c a straightforward statement by Estelle W. Stead ; with supplement showing recognised "extras" obtained through the mediumship of Mrs. Deane.
|
| 264 |
|
1 |
|a Manchester :
|b "The Two Worlds" Pub. Co.,
|c 1925.
|
| 300 |
|
|
|a 1 online resource.
|
| 336 |
|
|
|a text
|b txt
|2 rdacontent
|
| 337 |
|
|
|a computer
|b c
|2 rdamedia
|
| 338 |
|
|
|a online resource
|b cr
|2 rdacarrier
|
| 535 |
1 |
|
|a Harry Price Library of Magical Literature, Senate House Library, University of London
|
| 500 |
|
|
|a Electronic resource.
|
| 650 |
|
0 |
|a Spiritualism
|z England
|z London.
|
| 650 |
|
0 |
|a Remembrance Sunday.
|
| 650 |
|
0 |
|a Spirit writings.
|
| 650 |
|
0 |
|a Spirit photography.
|
| 700 |
1 |
|
|a Deane,
|c Mrs., medium.
|
| 856 |
4 |
0 |
|u http://proxy.library.tamu.edu/login?url=http://www.victorianpopularculture.amdigital.co.uk/Contents/document-details.aspx?documentid=14811
|z Connect to the full text of this electronic resource
|t 0
|
| 999 |
|
|
|a MARS
|
| 999 |
f |
f |
|s 68df642c-7644-3140-ad96-096f03e6dc66
|i 24522a19-ba4b-3bff-b4e6-2af07cb6dd1c
|t 0
|
| 952 |
f |
f |
|a Texas A&M University
|b College Station
|c Electronic Resources
|d Available Online
|t 0
|h No information provided
|
| 998 |
f |
f |
|t 0
|l Available Online
|